| 000 | 00469nam a22001577a 4500 | ||
|---|---|---|---|
| 999 |
_c12061 _d12061 |
||
| 008 | 210119b ||||| |||| 00| 0 eng d | ||
| 082 | 0 | 0 |
_a604.201516 _bA131 |
| 100 |
_9131 _aAbbott, W. |
||
| 245 | 1 | 0 |
_aPractical geometry and engineering graphics : A Textbook for engineering and other students _cBy W. Abbott |
| 250 | _a7th ed. | ||
| 260 |
_aCalcutta _bBlackie & Sons _c1963 |
||
| 300 | _a374 p. | ||
| 365 | _d25.00 | ||
| 650 | 0 | _aEngineering Graphics | |
| 942 | _cBK | ||